Geology and ground-water resources of Baca County, Colorado / (Record no. 28975)
[ view plain ]
| 000 -LEADER | |
|---|---|
| fixed length control field | 02077cam a22003251a 4500 |
| 001 - CONTROL NUMBER | |
| control field | gs 55000243 |
| 003 - CONTROL NUMBER IDENTIFIER | |
| control field | DLC |
| 005 - DATE AND TIME OF LATEST TRANSACTION | |
| control field | 20260227111403.0 |
| 008 - FIXED-LENGTH DATA ELEMENTS--GENERAL INFORMATION | |
| fixed length control field | 770914s1954 dcuab b f001 0 eng c |
| 010 ## - LIBRARY OF CONGRESS CONTROL NUMBER | |
| LC control number | gs 55000243 |
| 035 ## - SYSTEM CONTROL NUMBER | |
| System control number | (OCoLC)3262196 |
| 040 ## - CATALOGING SOURCE | |
| Original cataloging agency | U.S. Geol. Survey. Lib. |
| Transcribing agency | OOxM |
| Modifying agency | DNAL |
| -- | OCoLC |
| -- | DLC |
| 042 ## - AUTHENTICATION CODE | |
| Authentication code | premarc |
| 050 00 - LIBRARY OF CONGRESS CALL NUMBER | |
| Classification number | TC801 |
| Item number | .U2 no. 1256 |
| 070 0# - NATIONAL AGRICULTURAL LIBRARY CALL NUMBER | |
| Classification number | 407 |
| Item number | G29W no.1256 |
| 082 ## - DEWEY DECIMAL CLASSIFICATION NUMBER | |
| Classification number | 551.49 |
| 100 1# - MAIN ENTRY--PERSONAL NAME | |
| Personal name | McLaughlin, Thad G. |
| Fuller form of name | (Thad Gerald), |
| Dates associated with a name | 1913- |
| 245 10 - TITLE STATEMENT | |
| Title | Geology and ground-water resources of Baca County, Colorado / |
| Statement of responsibility, etc. | by Thad G. McLaughlin ; prepared in cooperation with the Colorado Water Conservation Board. |
| 260 ## - PUBLICATION, DISTRIBUTION, ETC. | |
| Place of publication, distribution, etc. | Washington, D.C. : |
| Name of publisher, distributor, etc. | U.S. G.P.O., |
| Date of publication, distribution, etc. | 1954. |
| 300 ## - PHYSICAL DESCRIPTION | |
| Extent | v, 232 p. : |
| Other physical details | ill., maps ; |
| Dimensions | 24 cm. |
| 440 #0 - SERIES STATEMENT/ADDED ENTRY--TITLE | |
| Title | Geological Survey water-supply paper ; |
| Volume/sequential designation | 1256 |
| 500 ## - GENERAL NOTE | |
| General note | Errata slip inserted. |
| 500 ## - GENERAL NOTE | |
| General note | Two folded leaves in pocket. |
| 501 ## - WITH NOTE | |
| With note | With: Geology and ground-water resources of the Paintsville area, Kentucky / by J.A. Baker -- Ground water resources of the Middle Loup Division of the Lower Platte River Basin, Nebraska / by Delbert W. Brown ; with a section on chemical quality of the ground water by Frank H. Rainwater -- Geology and ground-water resources of the Fort Berthold Indian Reservation, North Dakota / R.J. Dingman and E.D. Gordon ; with a section on chemical quality of the ground water by H.A. Swenson -- Floods of September 1952 in the Colorado and Guadelupe [sic] river basins, central Texas / by S.D. Breeding and J.H. Montgomery -- Floods of April 1952 in the Missouri River basin / prepared under the direction of J.V.B. Wells -- Floods of 1952 in the basins of the upper Mississippi River and Red River of the North / prepared under the direction of J.V.B. Wells. Washington, D.C. : G.P.O., 1955. Bound together subsequent to publication. |
| Institution to which field applies | DLC |
| 504 ## - BIBLIOGRAPHY, ETC. NOTE | |
| Bibliography, etc. note | Bibliography: p. 227-229. |
| 500 ## - GENERAL NOTE | |
| General note | Includes index. |
| 650 #0 - SUBJECT ADDED ENTRY--TOPICAL TERM | |
| Topical term or geographic name entry element | Water-supply |
| Geographic subdivision | Colorado |
| -- | Baca County. |
| 650 #0 - SUBJECT ADDED ENTRY--TOPICAL TERM | |
| Topical term or geographic name entry element | Groundwater |
| Geographic subdivision | Colorado |
| -- | Baca County. |
| 650 #0 - SUBJECT ADDED ENTRY--TOPICAL TERM | |
| Topical term or geographic name entry element | Borings |
| Geographic subdivision | Colorado |
| -- | Baca County. |
No items available.